[Event "URS-ch58"]
[Site "Moscow"]
[Date "1991.??.??"]
[Round "11"]
[White "Kharlov, Andrei"]
[Black "Minasian, Artashes"]
[Result "0-1"]
[WhiteElo "2515"]
[BlackElo "2510"]
[Annotator "Blatny,P"]
[PlyCount "104"]
[EventDate "1991.11.??"]
[EventType "swiss"]
[EventRounds "11"]
[EventCountry "URS"]
[SourceTitle "URS-ch"]
[Source "ChessBase"]
[SourceDate "1999.07.01"]
[SourceVersion "1"]
[SourceVersionDate "1999.07.01"]
[SourceQuality "1"]

1. e4 Nc6 2. Nf3 d6 3. d4 Nf6 4. Nbd2 Bg4 5. c3 e6 6. Bd3 d5 7. e5 Nd7 8. h3
Bh5 9. Nf1 f6 $5 10. Ng3 $2 (10. g4 $142 Bf7 11. Qe2 {/\Bf4 ><e5 +/=/+/-})
10... Bxf3 11. Qxf3 fxe5 12. Qh5+ Ke7 (12... g6 $4 13. Bxg6+ hxg6 14. Qxg6+ Ke7
15. Bg5+ $18) 13. dxe5 (13. Bg5+ Nf6 14. dxe5 Nxe5 {--> game}) 13... Ncxe5 14.
Bg5+ (14. Be2 $5 $44 {/\0-0,f4-f5 -> עe7}) 14... Nf6 15. O-O-O (15. Be2 Kd7
16. Qh4 h6 17. Be3 $44 {^^,Kd7}) 15... Kd7 $1 16. Qh4 h6 17. Ne4 $5 (17. Bxf6
Qxf6 $19) (17. Be3 Nxd3+ 18. Rxd3 Bd6 $19 {_|_}) 17... Be7 $8 18. Bxf6 gxf6 (
18... Nxd3+ 19. Rxd3 gxf6 {/\f5-+}) 19. Qh5 f5 (19... dxe4 $4 20. Bb5+ $18) 20.
Ng3 Qg8 $1 $19 21. Kb1 Rf8 (21... Nxd3 22. Rxd3 Rf8 23. Re1 {><e6,e5}) 22. Bc2
Bd6 23. Qe2 f4 24. Qb5+ Kc8 25. Ne2 a6 26. Qa4 Nc4 27. Nd4 Nb6 28. Qb3 Rf6 29.
Rhg1 e5 30. Nf5 e4 31. g4 $8 fxg3 (31... Bc5 {/\Nc4,Rb6}) 32. Rxg3 $8 Qf8 (
32... Qf7 $2 33. Nxd6+ Rxd6 34. Bxe4 $1 $15) 33. Nxd6+ Rxd6 34. Qb4 (34. Rd2
Nc4 35. Re2 Rb6 $19) 34... Qxf2 35. Rg7 Rhd8 36. Qd4 Qxd4 $19 {_|_} 37. cxd4
Nc4 38. Re1 Nd2+ 39. Kc1 Nf3 40. Rd1 Re8 41. Rg2 Rf6 42. Bb3 c6 43. Kc2 Rf4 44.
Kc3 Rh4 45. Rg3 Ng5 46. Rh1 e3 47. Bc2 Rf4 48. Re1 Nf3 49. Bg6 Nxe1 50. Bxe8
Nf3 51. Kd3 Re4 $1 52. Bg6 Re7 (52... Re7 53. Rxf3 e2 $19) 0-1

[Event "Biel"]
[Site "Biel"]
[Date "1992.??.??"]
[Round "3"]
[White "Lautier, Joel"]
[Black "Miles, Anthony John"]
[Result "1/2-1/2"]
[WhiteElo "2580"]
[BlackElo "2595"]
[Annotator "Blatny,P"]
[PlyCount "81"]
[EventDate "1992.07.??"]
[EventType "tourn"]
[EventRounds "14"]
[EventCountry "SUI"]
[EventCategory "16"]
[SourceTitle "CBM 031"]
[Source "ChessBase"]
[SourceDate "1992.12.01"]
[SourceVersion "1"]
[SourceVersionDate "1992.12.01"]
[SourceQuality "1"]

1. d4 e6 2. e4 b6 3. Bd3 Bb7 4. Nf3 c5 5. c3 Nf6 6. e5 (6. Qe2 {-->
Georgiev-Miles}) 6... Nd5 7. dxc5 (7. O-O Nc6 (7... Be7 8. a3 (8. dxc5 $142)
8... cxd4 9. cxd4 Ba6 10. Bxa6 Nxa6 11. Qd3 Nac7 12. Nbd2 O-O 13. Ne4 f6 14.
exf6 gxf6 15. Bd2 Kh8 $15 {Maiwald-Miles, Ostende 1991}) 8. a3 cxd4 9. cxd4 d6
(9... Be7 10. Be4 $14 {Lukes-Zwettler, Stockerau 1992})) 7... Bxc5 8. O-O Be7
9. Qe2 Nc6 10. Be4 (10. c4 Ndb4 11. Be4 f5 12. exf6 Bxf6 13. Nc3 Qe7 14. a3 Na6
15. Nb5 d5 $13 {Kaidanov-Kengis, Gausdal 1991}) 10... Nc7 11. Rd1 b5 12. Nbd2
a6 13. Nb3 Qc8 14. Bg5 $5 (14. Bf4 a5 $13) 14... Bxg5 15. Nxg5 h6 16. Qh5 Nxe5
17. Nc5 $1 g6 18. Qe2 d5 $13 (18... Bxe4 $4 19. Ngxe4 $18) 19. Bxd5 Bxd5 (19...
Nxd5 $2 20. Qxe5 O-O 21. Nge4 {/\Rxd5!->}) 20. Qxe5 O-O 21. Nge4 Ne8 $1 $8 22.
b4 Qc6 23. Rd3 f6 24. Qd4 Kg7 25. f4 Nc7 26. a3 Rae8 27. Re1 e5 $1 $132 28.
fxe5 Rxe5 29. Rde3 Ne6 30. Nxe6+ Rxe6 31. Nc5 Rxe3 32. Qxe3 Rf7 33. Qd4 Kh7 (
33... Bxg2 $2 34. Ne6+ Kh7 35. Nd8 $18) 34. Re2 h5 35. a4 $5 (35. Nxa6 Bxg2 $1)
35... g5 (35... bxa4 $2 36. c4 $18) 36. a5 h4 37. Rd2 Qe8 $1 (37... Bc4 38.
Qe4+ Qxe4 39. Nxe4 {/\Rd6+/-}) 38. Kf2 Bc6 39. Re2 (39. Nxa6 $2 Qa8 $40) 39...
Re7 $10 40. Qd3+ Kh6 41. Rxe7 1/2-1/2

[Event "Moscow Petrosian Memorial"]
[Site "Moscow"]
[Date "1995.??.??"]
[Round "10"]
[White "Saltaev, Mihail"]
[Black "Vlassov, Nikolai"]
[Result "1-0"]
[WhiteElo "2495"]
[BlackElo "2465"]
[Annotator "Blatny,P"]
[PlyCount "37"]
[EventDate "1995.??.??"]
[EventType "tourn"]
[EventRounds "11"]
[EventCountry "RUS"]
[EventCategory "10"]
[SourceTitle "CBM 046"]
[Source "ChessBase"]
[SourceDate "1995.06.01"]
[SourceVersion "1"]
[SourceVersionDate "1995.06.01"]
[SourceQuality "1"]

1. e4 Nc6 2. d4 (2. Nf3 d6 {-> Zagrebelny-Vlassov}) 2... e5 3. dxe5 Nxe5 4. Nc3
(4. Nf3 Bb4+ 5. c3 Nxf3+ 6. Qxf3 Bc5 7. b4 Bb6 8. Nd2 Ne7 9. a4 c6 10. Nc4 Bc7
11. e5 O-O 12. Bg5 $36 {Garcia-Miles/Linares/1994/}) 4... Bc5 (4... Bb4 5. Qd4
{קg7} Bxc3+ 6. Qxc3 {/\קc7,Pg7}) 5. Bf4 {/\Qd2,0-0-0->} Ng6 6. Bg3 d6 (6...
Nf6 $6 7. e5 Qe7 8. Qe2 Ng8 9. Nd5 Qd8 10. e6 $40) 7. Qd2 Nf6 8. O-O-O $36 O-O
9. e5 {בd} (9. Nf3 Re8 {->[+]}) (9. Bc4 $14) 9... Nh5 10. Ne4 Nxg3 11. hxg3
Bb6 12. Nf3 $6 (12. exd6 $14) 12... Bg4 (12... Bf5 13. Nf6+ (13. Bd3 dxe5 $17)
13... gxf6 14. exd6 cxd6 15. Qh6 Ne7 16. Bd3 Qd7 17. g4 $18) 13. Nf6+ $5 (13.
exd6 Re8 14. Qb4 a5 15. Qa4 $16) 13... gxf6 14. Qh6 Re8 15. Qxh7+ Kf8 16. Qh6+
Kg8 (16... Ke7 $142 17. exd6+ (17. exf6+ Kd7 18. Bb5+ c6) 17... cxd6 {/\Ne5})
17. Bc4 $1 Be6 18. Nh4 $18 d5 (18... Nxh4 19. Rxh4 {/\Qh8#}) 19. Nxg6 (19. Nxg6
fxg6 20. Qh8+ Kf7 21. Rh7#) 1-0

[Event "Malmo"]
[Site "Malmo"]
[Date "1993.??.??"]
[Round "8"]
[White "Hector, Jonny"]
[Black "Rogers, Ian"]
[Result "0-1"]
[WhiteElo "2470"]
[BlackElo "2575"]
[Annotator "Blatny,P"]
[PlyCount "88"]
[EventDate "1993.06.??"]
[EventType "tourn"]
[EventRounds "9"]
[EventCountry "SWE"]
[EventCategory "11"]
[SourceTitle "CBM 036"]
[Source "ChessBase"]
[SourceDate "1993.10.01"]
[SourceVersion "1"]
[SourceVersionDate "1993.10.01"]
[SourceQuality "1"]

1. e4 b6 2. Nc3 Bb7 3. f4 e6 4. Nf3 d5 5. d3 dxe4 (5... Nf6 6. e5 Nfd7 {
/\c5 <=>}) 6. dxe4 Qxd1+ 7. Kxd1 Nf6 8. Bb5+ (8. Bd3 Bb4 $36) 8... Nc6 {
/\0-0-0,Bb4 ><e4} (8... c6 {/^a8-e4}) (8... Nbd7 9. Ne5 {><c6}) 9. a3 O-O-O+
$15 10. Bd3 h6 11. Re1 Be7 12. Ke2 Nd7 {/\g5 ><e5} 13. b4 g5 14. g3 gxf4 15.
gxf4 (15. Bxf4 Bf6 16. Bd2 Nde5 $17) 15... Rhg8 16. Be3 (16. Rg1 Nd4+ 17. Kf2
Rxg1 18. Nxg1 Bh4+ 19. Ke3 (19. Kg2 Rg8+ $40) 19... Nf6 $40) 16... Bf6 17. Bd2
$2 (17. e5 {גa8-h1,בg} Be7 18. Ne4 (18. Be4 f5 19. exf6 Nxf6 20. Bd3 Ng4 $40)
18... f5 $5 $36) 17... Rg2+ 18. Ke3 (18. Kf1 $4 Rxd2 19. Nxd2 Bxc3 $19) 18...
e5 $1 19. f5 Nd4 $17 20. Rg1 Rdg8 21. Rxg2 Rxg2 22. Rd1 (22. Rg1 $4 Rxg1 23.
Nxg1 Bg5+ $19) 22... c5 23. Nb5 Be7 $1 24. Nfxd4 $2 (24. c3 $142 Nxf3 25. Kxf3
Rxh2 $17 {_|_}) (24. Nxa7+ $5 {/\Nb5}) 24... exd4+ 25. Kf3 Rxd2 $1 {פb5} (
25... Rxh2 26. bxc5 bxc5 27. Nxa7+ $13) 26. Rxd2 a6 27. Nxd4 (27. c3 axb5 28.
cxd4 cxd4 29. Bxb5 Ne5+ 30. Ke2 Bxe4 31. Rxd4 Bxf5 $19 {_|_}) 27... cxd4 28.
Rg2 Bg5 $19 {_|_} 29. Kg3 b5 30. Rg1 Ne5 31. Ra1 Kc7 32. a4 Kb6 33. axb5 axb5
34. Ra5 (34. Bxb5 $5 Kxb5 $1 (34... Bxe4 $19 {_|_}) 35. Ra5+ Kxb4 36. Rxe5 Bc6
$1 {צe5} 37. f6 Bxf6 38. Rf5 Bg5 39. Rxf7 Bxe4 $19) 34... Bc6 35. Ra1 f6 36.
Kf2 h5 37. Ke2 h4 38. Ra3 Bf4 39. h3 Nc4 40. Ra1 Bg3 41. Ra2 Nd6 42. Kf3 Nxf5
43. Bxb5 Bxb5 44. exf5 Bf1 (44... Bf1 45. Kg4 $2 Be2# {!}) 0-1

[Event "Platonov Memorial"]
[Site "Kiev"]
[Date "1995.??.??"]
[Round "1"]
[White "Golubev, Mikhail"]
[Black "Sergeev, Vladimir"]
[Result "1-0"]
[WhiteElo "2525"]
[BlackElo "2415"]
[Annotator "Blatny,P"]
[PlyCount "35"]
[EventDate "1995.??.??"]
[EventType "tourn"]
[EventRounds "13"]
[EventCountry "UKR"]
[EventCategory "10"]
[SourceTitle "CBM 051"]
[Source "ChessBase"]
[SourceDate "1996.04.01"]
[SourceVersion "1"]
[SourceVersionDate "1996.04.01"]
[SourceQuality "1"]

1. e4 Nf6 2. Nc3 Nc6 {similar 2...d5} 3. d4 (3. d3 e5 4. Be2 h6 5. Bg4 $6 Nxg4
6. Qxg4 d6 7. Qe2 Nd4 8. Qd1 c6 9. Nf3 Bg4 $15 {Adam,S-Giardina,C/RLPF-chJ U13
(02)/1988/}) 3... d5 (3... d6 4. d5 Nb8 5. Nf3 g6 6. Bb5+ Bd7 7. Bc4 Bg7 8. O-O
Bg4 9. h3 Bxf3 10. Qxf3 O-O 11. Qe2 c6 12. Re1 Nbd7 13. Be3 Qa5 14. Rad1 Rfc8
15. dxc6 bxc6 16. f4 $14 {Afek,Y-Shvidler,E/ISR-ch/1986/}) 4. e5 (4. exd5 Nxd5
5. Bb5 $13) 4... Nd7 (4... Ne4 5. Nxe4 dxe4 6. c3 Bf5 (6... f6 7. Bc4 $5 fxe5
8. d5 Na5 9. Bb5+ Bd7 10. Qh5+ g6 11. Qxe5 $16) 7. g4 Be6 8. Bg2 Qd7 9. h3 h5 (
9... O-O-O $5 10. Qc2 Bd5 11. Ne2 (11. Bxe4 Nxe5 $1) 11... f6 $132) 10. gxh5
Bd5 11. Be3 f6 12. exf6 exf6 13. Ne2 Bd6 14. b3 O-O-O 15. c4 Bb4+ 16. Kf1 Bf7
17. a3 Bd6 18. Bxe4 Bxh5 19. Qb1 (19. Qc2 $142) 19... Kb8 20. Ra2 Bxe2+ 21.
Rxe2 Rxh3 $13 {Herbrechtsmeier,C-Polzin,R/Baden Baden op (04)/1991/}) 5. e6 $5
(5. f4 {/\5...e6 -> 1.e4 e6 2.d4 d5 3.Nc3 Nf6 4. e5 Nd7 5.f4 Nc6} Nb6 6. Nf3 g6
$10) 5... fxe6 (5... Nf6 $6 6. exf7+ Kxf7 7. Nf3 $40 {><e5,g5,Kf7}) 6. Nf3 e5 (
6... g6 $142 {/\Bg7,0-0,e5}) 7. Nxd5 (7. dxe5 Nb6 8. Be3 Bg4 9. Bxb6 axb6 10.
Qxd5 e6 (10... Qxd5 11. Nxd5 O-O-O $15) 11. Qxd8+ Rxd8 12. Be2 Bb4 13. Rd1
Bxc3+ 14. bxc3 Rxd1+ 15. Kxd1 Ke7 16. Kd2 Ra8 17. Ra1 Ra5 18. h3 Bxf3 19. Bxf3
Nxe5 20. Be2 (20. Bxb7 c6 21. f4 Nc4+ 22. Kd3 Nb2+ 23. Ke3 Kd7 $19 {_|_}) 20...
Nf7 21. Bd3 h6 22. Re1 Nd6 $15 {_|_ Ehrler,E-Haakert,J/BL 8182 (1982) /1982/})
7... exd4 (7... Nf6 8. Nxf6+ exf6 $13) (7... Nxd4 8. Nxe5 (8. Nxd4 exd4 9. Qxd4
$2 Nb6 $17) 8... Nxe5 9. Qxd4 c6 10. Qxe5 $14) 8. Bc4 (8. Nxd4 $2 Nxd4 9. Qxd4
Nb6 $17) 8... e6 9. Bg5 Nf6 10. Qe2 (10. Nxf6+ gxf6 11. Bd2 e5 $15) 10... Kf7 (
10... Be7 11. Nf4 $40) 11. Nf4 Qd6 (11... Bb4+ $142 12. Kf1 Qd6 13. Nd3 $13)
12. O-O Nd5 (12... h6 13. Bxf6 Qxf4 14. Be5 $44) 13. Rae1 (13. Nxd5 $5 exd5 14.
Bb5 {><e5}) 13... h6 $1 (13... Nxf4 14. Bxf4 Qxf4 15. Bxe6+ $18) 14. Nxd5 hxg5
$2 (14... exd5 $8 15. Qe8+ Kg8 16. Bf4 Qxf4 $1 (16... Qc5 17. Bd3 $40) 17.
Bxd5+ Kh7 18. Be4+ $8 Kg8 19. Bd5+ $10) 15. Nxg5+ Kg8 16. g3 (16. Nf4 $5 Nd8
17. g3 $16) 16... b5 $6 (16... exd5 $2 17. Qf3 Be6 18. Rxe6 $18) (16... Rh6 17.
Nf4 Na5 18. Nfxe6 Nxc4 19. Qxc4 Bxe6 20. Nxe6 $18) (16... Nd8 $142 17. Nf4 Rh6
18. Ngxe6 Nxe6 19. Nxe6 Bxe6 20. Bxe6+ $16) 17. Qf3 $1 Rh6 $2 (17... Nd8 $8 18.
Nf4 $1 (18. Bb3 Rb8 19. Nf4 $16) 18... Bb7 (18... Rb8 19. Nfxe6 $1 (19. Bxe6+)
19... bxc4 20. Nxd8 Qd7 $8 21. Nc6 Rb5 22. Ne7+ $18) 19. Bxe6+ Qxe6 20. Qxb7
Qc6 21. Qxc6 Nxc6 22. Nge6 {+/-/+- _|_}) 18. Nf7 $18 (18. Nf7 Qc5 19. Nxh6+
gxh6 20. Nf6+ Kh8 21. Nh5 bxc4 (21... Bg7 22. Nxg7 Kxg7 23. Bxe6 Bxe6 24. Rxe6
$18) 22. Qf6+ Kg8 23. Qg6+ Kh8 24. Nf6 Qe7 25. Qg8#) 1-0

[Event "Bishkek zt"]
[Site "Bishkek"]
[Date "1993.??.??"]
[Round "?"]
[White "Yurtaev, Leonid"]
[Black "Nesterov, Yakov"]
[Result "1-0"]
[WhiteElo "2540"]
[BlackElo "2445"]
[Annotator "Blatny,P"]
[PlyCount "53"]
[EventDate "1993.??.??"]
[EventType "tourn"]
[EventRounds "13"]
[EventCountry "KGZ"]
[EventCategory "7"]
[SourceTitle "CBM 035"]
[Source "ChessBase"]
[SourceDate "1993.08.01"]
[SourceVersion "1"]
[SourceVersionDate "1993.08.01"]
[SourceQuality "1"]

1. Nf3 d6 2. d4 Bg4 3. e4 Nf6 4. Nc3 Nc6 5. d5 Nb8 (5... Ne5 $6 6. Nxe5 (6.
Bb5+ c6 7. dxc6 Nxc6 8. e5 dxe5 9. Qxd8+ Rxd8 10. Bxc6+ bxc6 11. Nxe5 Bd7 12.
Be3 Nd5 13. Bxa7 Nxc3 14. bxc3 Be6 15. a4 f6 16. Nxc6 Ra8 17. Nd4 $1 $18 {
_|_ Timman,J-Miles,A/Tilburg/1981/}) 6... dxe5 (6... Bxd1 7. Bb5+ c6 8. dxc6
dxe5 9. c7+ Qd7 10. Bxd7+ Kxd7 11. Kxd1 $14) 7. Qxg4 $1 Nxg4 8. Bb5+ Qd7 (8...
c6 $4 9. dxc6 $18) 9. Bxd7+ Kxd7 10. h3 Nf6 11. f4 $16 {Lanzani-Bellia/
Chianciano Terme ch/1990/}) 6. Be2 c6 (6... g6 7. Be3 (7. Nd4 Bxe2 8. Qxe2 c6
9. Bg5 Bg7 10. O-O-O O-O 11. f4 Qb6 12. Rhe1 Rc8 $13 {Sokolov,A-Torre,E/
USSR-World tt/1984/}) 7... Bg7 8. Qd2 c6 9. Bh6 Bxh6 10. Qxh6 Qb6 11. Rb1 cxd5
12. exd5 Nbd7 13. O-O Bxf3 14. Bxf3 Ne5 15. Be2 a6 16. Kh1 Rc8 17. h3 Rg8 18.
Qd2 g5 19. f4 $1 $13 {עe8 Sorokin,M-Minasian,A/USSR/1991/}) 7. O-O g6 8. a4 $5
Qa5 9. Re1 Bg7 10. Nd4 Bxe2 11. Rxe2 O-O 12. Bg5 Nbd7 13. Nb3 Qa6 14. a5 Rac8
15. Ra4 $1 cxd5 16. Nxd5 Nxd5 $6 (16... Rfe8 $142 $10) 17. exd5 Bxb2 $2 (17...
f6 $6 18. Rxe7 (18. Bc1 $5 {/\Nd4-e6 +/=/+/- _|_}) 18... fxg5 19. Rxd7 Qb5 20.
Rxg7+ $8 Kxg7 21. Re4 {/\Nd4-e6~/=}) (17... Ne5 $142 $1 18. Bxe7 $140 $2 Rfe8 {
צe2}) 18. Rxe7 $16 Qb5 19. Rae4 Nc5 20. Re3 Bg7 21. h4 Na4 (21... h6 22. Bf4
Rfd8 (22... Bf6 23. Bxd6 $16) 23. Qf3 $1 Bf6 24. Bxh6 Bxe7 25. Rxe7 $18) 22.
Qf3 $1 $40 Rxc2 23. Bf6 Bxf6 (23... Nc5 24. Nd4 $1 Rc1+ 25. Kh2 Qc4 $8 26. Ne6
$3 Nxe6 27. dxe6 Bh6 28. Re4 Qd5 29. exf7+ Rxf7 30. Rxf7 Qxf7 31. Re7 Qc4 32.
Bd4 $1 $18) 24. Qxf6 Qxd5 25. Nd4 Rc1+ 26. Kh2 Nc5 27. Rg3 $1 {/\Nf5+-} (27.
Rg3 Ne4 28. Rxe4 $18) 1-0

[Event "Biel"]
[Site "Biel"]
[Date "1992.??.??"]
[Round "4"]
[White "Georgiev, Kiril"]
[Black "Miles, Anthony John"]
[Result "1/2-1/2"]
[WhiteElo "2610"]
[BlackElo "2595"]
[Annotator "Blatny,P"]
[PlyCount "125"]
[EventDate "1992.07.??"]
[EventType "tourn"]
[EventRounds "14"]
[EventCountry "SUI"]
[EventCategory "16"]
[SourceTitle "CBM 031"]
[Source "ChessBase"]
[SourceDate "1992.12.01"]
[SourceVersion "1"]
[SourceVersionDate "1992.12.01"]
[SourceQuality "1"]

1. d4 (1. e4 a6 $5 {Miles}) 1... e6 2. e4 (2. c4 Bb4+ 3. Bd2 Bxd2+ 4. Qxd2 b6 {
Miles}) 2... b6 3. Bd3 (3. Nc3 Bb7 4. Bd3 Nf6 5. Nf3 (5. Qe2 Nc6 6. Nf3 Nb4 $13
) 5... Bb4 6. Qe2 d5 $1 7. exd5 Nxd5 8. Bd2 Nd7 $10 {Rogers-Miles, Auckland
1992}) 3... Bb7 4. Nf3 c5 5. c3 Nf6 6. Qe2 (6. Bg5 h6 (6... Be7 7. Nbd2 $14 {
Röhrich-Tomic, Dortmund 1992}) 7. Bxf6 {קe4}) (6. Nbd2 Be7 7. O-O cxd4 8. cxd4
Ba6 $1 9. Bxa6 Nxa6 10. Qe2 (10. e5 $2 Nd5 11. Ne4 O-O 12. a3 Nac7 13. Qd3 f5
14. exf6 gxf6 15. Bh6 Rf7 $15 {Dobosz-Carlier, Budapest 1991}) 10... Nc7 $10 {
Motwani-Miles, Forli 1991}) 6... Be7 (6... Nc6 $2 7. d5 $16) 7. O-O Nc6 8. a3 {
><b3} Na5 9. Nbd2 c4 10. Bc2 (10. Nxc4 Nxc4 11. Bxc4 Nxe4 {[+]}) 10... Qc7 11.
Ne5 {><c4} b5 12. f4 (12. a4 a6) 12... O-O 13. Ng4 $5 Nxg4 14. Qxg4 Nb3 15. Rb1
$132 (15. Nxb3 cxb3 16. Bd3 (16. Bxb3 Bxe4 $15) 16... Bxe4 17. Bxe4 f5) 15...
Nxd2 16. Bxd2 Bxe4 $1 17. Bxe4 f5 18. Qf3 fxe4 19. Qxe4 Rae8 20. Rbe1 a6 21. g3
Bf6 22. Kg2 Re7 23. f5 Rfe8 (23... exf5 $6 24. Qd5+ Kh8 $8 25. Rxe7 Bxe7 26.
Rxf5 $36) 24. Bf4 Qb6 25. g4 h6 (25... exf5 $2 26. Qd5+ Kh8 27. Rxe7 Bxe7 (
27... Rxe7 28. g5 Re2+ 29. Kf3 $18) 28. Qxd7 $16) 26. Bg3 Kh8 27. h4 exf5 28.
Qxf5 Qb7+ 29. Qf3 Re2+ $5 (29... Qxf3+ 30. Kxf3 Rxe1 31. Rxe1 Rxe1 32. Bxe1 d5
$8 33. Kf4 g6 $8 34. Bg3 $10) 30. Rxe2 Rxe2+ 31. Rf2 Qxf3+ 32. Kxf3 Re1 $2 (
32... Rxf2+ $10) 33. g5 $1 Be7 (33... hxg5 $4 34. hxg5 {/\Rh2+-}) 34. gxh6 gxh6
35. Rg2 Rf1+ (35... Re6 36. Be5+ Bf6 (36... Kh7 $4 37. Rg7+ Kh8 38. Rxe7+ $18)
37. Ke4 $1 Bxe5 38. dxe5 d6 39. Kd5 Rxe5+ 40. Kxd6 $16 {_|_}) 36. Ke4 Kh7 37.
Be5 Bf8 38. h5 Rh1 39. Bh2 $2 $138 (39. Rg6 $5 a5 40. Rb6 {/\Rb7+/- _|_}) 39...
Re1+ 40. Kd5 Rh1 41. a4 bxa4 42. Kxc4 a3 43. bxa3 Bxa3 44. Be5 Bf8 45. Ra2 Rxh5
46. Rxa6 Rf5 47. Kd5 h5 48. Ke4 Rf1 49. c4 Bg7 50. Ra7 Rf7 51. Bd6 Bf8 $1 52.
Bb8 (52. Bxf8 $2 d5+ $1) 52... h4 53. c5 Kg6 54. Ra1 Kh5 55. Rg1 h3 56. Bf4 Be7
57. Be5 Bf8 58. Rg8 Rf1 59. Rh8+ Bh6 60. Bg7 Rf6 $1 $8 61. Bxh6 $8 Rxh6 62.
Rxh6+ Kxh6 63. Kf3 $10 1/2-1/2

[Event "Women-Veterans"]
[Site "Aruba"]
[Date "1992.??.??"]
[Round "12"]
[White "Geller, Efim P"]
[Black "Chiburdanidze, Maia"]
[Result "1-0"]
[WhiteElo "2525"]
[BlackElo "2505"]
[Annotator "Blatny,P"]
[PlyCount "43"]
[EventDate "1992.08.??"]
[EventType "schev"]
[EventRounds "6"]
[EventCountry "NAU"]
[SourceTitle "CBM 033"]
[Source "ChessBase"]
[SourceDate "1993.04.01"]
[SourceVersion "1"]
[SourceVersionDate "1993.04.01"]
[SourceQuality "1"]

1. e4 b6 2. d4 Bb7 3. Bd3 e6 4. Nf3 g6 $6 {><f6} (4... Be7 $142 5. O-O c5 $132)
5. Bg5 Qc8 (5... Ne7 $2 6. Bf6 $16) (5... f6 6. Be3 Bg7 7. Qd2 Ne7 8. Bh6 {
/\h4->}) (5... Be7 6. Bxe7 (6. h4 $5) 6... Qxe7 7. Nbd2 {/\Qe2,h4-h5 +/=/+/-
><f6,g7,h6}) 6. Nc3 Bg7 7. O-O d6 8. Re1 Nd7 9. e5 d5 (9... Bxf3 $2 10. Qxf3
dxe5 11. Ba6 $1 Qb8 12. Bb7 $18) (9... dxe5 10. Nxe5 {/\Bb5,Ne4->}) 10. a4 a6
11. Ne2 Ne7 12. Nf4 (12. Bxe7 $2 Kxe7 {/\c5=/+}) 12... Nc6 (12... h6 13. Bxe7
$8 Kxe7 14. Bxg6 $5 fxg6 15. Nxg6+ Kf7 16. Nxh8+ Qxh8 17. Nh4 {/\Ra3-g3(f3),
Qh5,f4-f5->}) 13. c3 a5 (13... h6 14. Bf6 $1 {--> game combination}) 14. h4 $1
h6 $6 (14... Ba6 $142 15. Bc2 (15. h5 $6 Bxd3 16. Qxd3 Qa6 {/\Nf8,Kd7+/=})
15... Nf8 16. h5 $40) 15. Bf6 Bxf6 (15... Nxf6 16. exf6 Bxf6 17. Bxg6 $1 (17.
Nxd5 $6 Bg7 {/\0-0 <=> /^a8-h1}) 17... fxg6 18. Rxe6+ Kf7 (18... Be7 19. Qd3
Rg8 20. Rae1 $18) 19. Qd3 Ne7 20. Rae1 Qg8 21. Ne5+ Bxe5 22. R1xe5 Re8 23. Qf3
Nf5 24. Rxf5+ $1 gxf5 25. Qh5+ $18) 16. exf6 Nxf6 (16... Nf8 17. Bb5 Kd8 $8 18.
Qd3 $18) (16... O-O 17. h5 g5 $8 18. Nxg5 $1 Nxf6 (18... hxg5 19. Qg4 $18) 19.
Qd2 $1 $40 hxg5 $140 $2 20. Nxd5 $1 Nh7 21. Nf6+ $1 $18) 17. Bxg6 $1 fxg6 18.
Rxe6+ Kf7 19. Qd3 Rg8 20. Rae1 {/\Rxc6,Ne5+ +-} Ne4 21. R1xe4 $1 dxe4 22. Qc4
$3 (22. Qc4 Kg7 (22... Ba6 23. Qxc6 exf3 (23... Bb7 24. Ne5+ Kf8 25. Re8+ $1)
24. Rf6+ Ke7 25. Nd5+ Kd8 26. Rf7 {/\Qf6#}) 23. Rxg6+ Kh8 24. Rxh6+ Kg7 25.
Rg6+ Kh8 26. Ng5 Qf8 27. Nf7+ Kh7 28. Qe6 $18) 1-0

[Event "Capablanca Memorial Elite 30th"]
[Site "Matanzas"]
[Date "1995.??.??"]
[Round "8"]
[White "Lima, Darcy Gustavo Macha"]
[Black "Miles, Anthony John"]
[Result "0-1"]
[WhiteElo "2505"]
[BlackElo "2615"]
[Annotator "Blatny,P"]
[PlyCount "82"]
[EventDate "1995.05.??"]
[EventType "tourn"]
[EventRounds "13"]
[EventCountry "CUB"]
[EventCategory "11"]
[SourceTitle "CBM 048"]
[Source "ChessBase"]
[SourceDate "1995.10.01"]
[SourceVersion "1"]
[SourceVersionDate "1995.10.01"]
[SourceQuality "1"]

1. e4 Nc6 2. Nc3 (2. d4 d5 3. Nc3 {--> Nimtzowitsch defence main line}) 2... e6
(2... e5 {--> Vienna game}) 3. Nf3 (3. d4 Bb4 4. Nge2 (4. Nf3 d6 5. Bb5 a6 6.
Be2 Nge7 7. Qd3 O-O 8. a3 Ba5 9. O-O e5 10. d5 Nb8 11. Nd2 Nd7 12. b4 Bb6 13.
Bg4 Bd4 14. Nb3 Ba7 15. Na4 Qe8 16. Nc3 f5 $132 {Stertenbrink,G-Dausch,R/BL
8384 (1984) ;BL 1984/1/2-1/2 (50)}) (4. a3 Bxc3+ 5. bxc3 d6 6. Nf3 (6. Qg4 Qf6
7. Qg3 Qg6 8. Qxg6 hxg6 9. f4 $14 {Angqvist,T-Hjelm,N/Stockholm ;TD 92\08 1992/
1-0 (37)}) 6... Nge7 7. Bc4 O-O 8. O-O e5 9. dxe5 dxe5 10. Bg5 Qe8 $10 {
Zipfel,F-Wohlfart,P/OLO-B 9394 ;GER 08 1994/0-1 (48)}) 4... d5 (4... Qh4 5. a3
Ba5 6. b4 Bb6 7. Be3 d6 8. g3 $16 {Rosenberger,F-Eichhorst,H/Wiesbaden op (07)
;GER 08 1993/1-0 (44)}) (4... d6 5. a3 Bxc3+ 6. Nxc3 e5 7. d5 Nce7 8. Bd3 Ng6
9. Qf3 Bd7 10. g3 N8e7 11. h4 $14 {Osborne,D-Kemp,P/BCF-ch ;TD 87\02 1987/1-0 
(74)}) 5. e5 $14 {Kmoch,H-Nimzowitsch,A/Bad Niendorf ;MAINB 1927/0-1 (63)}) (3.
g3 d5 4. Bg2 Nf6 5. d3 (5. exd5 exd5 6. Nge2 d4 $13 {Angqvist,T-Furhoff,J/
Stockholm ;TD 92\08 1992/0-1 (72)}) 5... Bb4 6. Bd2 O-O 7. Nge2 {1/2-1/2 Palma,
T-Inhoven,S/Mannheim MB (09) ;GER 04 1990 (25)}) (3. f4 d5 4. Nf3 Nf6 5. e5 Nd7
6. d4 $14 {Marinkovic,I-Sahovic,D/Vrnjacka Banja ;CBM 13 1989/1/2-1/2 (60)})
3... Bb4 (3... d5 4. Bb5 a6 5. Bxc6+ bxc6 6. O-O Nf6 7. Re1 $14 {0-1 Bernardt,
R-Becking,S/St.Ingbert op (03) ;GER 09 1994 (30)}) 4. a3 Bxc3 (4... Ba5 5. b4
Bb6 6. Bb2 {/^a1-g7,/^a2-e6}) 5. dxc3 (5. bxc3 $142 d6 6. d4 Nf6 7. Bd3 e5 8.
h3 h6 $10 {Basener,W-Dirr,U/Munich op9192 (03) ;TD 92\03 1992/0-1 (47)}) 5...
d6 6. g3 {^^} (6. Bb5 $142) 6... Nge7 7. Bg2 O-O 8. O-O (8. Be3 {/\Qd2,0-0-0,
h4,Ng5->}) 8... e5 $15 9. c4 f5 {[+]e4} 10. exf5 (10. Nd2 $5) 10... Bxf5 11.
Ng5 Qd7 (11... Qe8 {/\Qg6->}) 12. Be3 h6 (12... Kh8 13. Qd2 {<->2}) 13. Ne4 Bh3
14. Qd3 (14. Bxh3 Qxh3 $36) 14... Rf7 15. b4 (15. f3 Nf5 16. Bf2 Nfd4 $36)
15... Bxg2 16. Kxg2 Nf5 17. c3 {><d4} Raf8 18. f3 Kh8 19. Rf2 b6 {/\בc,קc3}
20. Raf1 Nce7 21. Bc1 (21. f4 $5) 21... Ng6 {><f4,e5} 22. Kg1 Nfe7 23. h4 Re8
24. h5 Nf8 25. f4 exf4 26. Bxf4 Ng8 {<->e,f} 27. Nd2 Nh7 {קh5} 28. c5 $6 dxc5
29. Qxd7 Rxd7 30. bxc5 Nhf6 (30... bxc5 31. Nc4 $44) 31. c6 (31. cxb6 cxb6 32.
Rh2 Rd5 $19) 31... Rde7 32. Rh2 Re6 {קc6} 33. Nf3 Rxc6 $19 34. Rc1 Rc5 35. Nd4
Nxh5 36. Bxc7 Rxc7 37. Rxh5 Re3 38. Kf2 Rexc3 39. Rxc3 Rxc3 40. Nb5 Rc2+ 41.
Kf1 a6 0-1